000 01589cam a2200421 i 4500
001 bg
003 KOSZ 005
005 20240405063205.0
008 080527s2008 pl |000 0 pol
015 _aPB 2008/14424
020 _a9788375521153
020 _a9788375521276
040 _aWA N
_cKOSZ 005/HR
_dKOSZ 005/HR
041 1 _apol
_hger
080 _a94(55)"19"
080 _a929-052(55)"19"
080 _a(047)
100 1 _aKapuściński, Ryszard
_d(1932-2007)
_eAutor
245 1 0 _aSzachinszach /
_cRyszard Kapuściński.
250 _aWyd. 18.
260 _aWarszawa :
_bAgora,
_c2008.
300 _a142, [2] s. ;
_c22 cm.
490 1 _aBiblioteka Gazety Wyborczej.
500 _aKsiążka w cyklu: Kolekcja wybranych dzieł Ryszarda Kapuścińskiego / pod red. Bożeny Dudko i Mariusza Szczygła ; t. 5.
546 _aTekst częśc. tł. z niem.
600 0 4 _aMohammad Reza Pahlawi
_c(szach Iranu ;
_d1919-1980)
651 4 _aIran
_xpolityka
_y1945-1989 r.
655 4 _aReportaż polski
_y1980-1989 r.
648 4 _a1901-2000
648 4 _a1945-1989
710 2 _aAgora
_4pbl.
700 1 _aDudko, Bożena
_d(1963- )
_eRedakcja
700 1 _aSzczygieł, Mariusz
_d(1966- )
_eRedakcja
800 1 _aKapuściński, Ryszard
_d(1932-2007).
_tKolekcja wybranych dzieł Ryszarda Kapuścińskiego
_vt. 5.
856 _uhttp://koha.tu.koszalin.pl/cgi-bin/koha/opac-detail.pl?biblionumber=54903
_yKatalog online BPK
830 0 _aBiblioteka Gazety Wyborczej
942 _2UKD
_cKS
999 _c54903
_d54903